000 00405pab a2200169 454500
008 180718b2002 xxu||||| |||| 00| 0 eng d
100 _aRao, K.N.
245 _aCrop insurance in India - past, present and future
260 _c2002
300 _ap.29-39.
362 _aJul-Dec
650 _aCrops - India
650 _aInsurance - India
650 _aInsurance
773 _aVision
909 _a56080
999 _c56080
_d56080